000 01131nam a2200289Ia 4500
001 ebr10463836
003 CaPaEBR
006 m u
007 cr cn|||||||||
008 080811s2008 enk sb 001 0 eng d
020 _z9781855755246
020 _z1855755246
040 _aCaPaEBR
_cCaPaEBR
035 _a(OCoLC)729246070
050 1 4 _aBF175.5.S55
_bW54 2008eb
100 1 _aWilkinson, Kate,
_cDr.
245 1 0 _aPsychotherapy training and practice
_h[electronic resource] :
_ba journey into the shadow side /
_cKate Wilkinson.
260 _aLondon :
_bKarnac,
_c2008.
300 _axiii, 251 p.
504 _aIncludes bibliographical references (p. 235-245) and index.
533 _aElectronic reproduction.
_bPalo Alto, Calif. :
_cebrary,
_d2011.
_nAvailable via World Wide Web.
_nAccess may be limited to ebrary affiliated libraries.
650 0 _aShadow (Psychoanalysis)
650 0 _aPsychoanalysis.
655 7 _aElectronic books.
_2local
710 2 _aebrary, Inc.
856 4 0 _uhttp://site.ebrary.com/lib/rucke/Doc?id=10463836
_zAn electronic book accessible through the World Wide Web; click to view
999 _c129174
_d129174